81 największych miast w Rosji - Statystyki

Ogólne statystyki
  • Ten quiz został rozwiązany 97 razy
  • Średni wynik to 30 z 81
Statystyki odpowiedzi
Ludność Miasto % Poprawnych
10 425 075 Moskwa
100%
4 580 620 Petersburg
100%
1 112 673 Kazań
82%
991 643 Wołgograd
80%
1 397 015 Nowosybirsk
77%
1 029 616 Ufa
75%
1 054 865 Rostów nad Donem
73%
583 673 Władywostok
73%
317 915 Smoleńsk
71%
1 143 346 Samara
70%
1 138 822 Omsk
69%
329 481 Soczi
69%
578 073 Irkuck
67%
1 308 441 Jekaterynburg
67%
1 283 553 Niżny Nowogród
67%
710 413 Krasnodar
65%
993 319 Perm
63%
1 092 958 Czelabińsk
62%
320 962 Murmańsk
61%
846 349 Woroneż
58%
603 735 Jarosław
56%
349 772 Archangielsk
55%
239 225 Jakuck
54%
920 926 Krasnojarsk
50%
850 086 Saratów
49%
423 651 Kaliningrad
46%
509 010 Tuła
46%
405 499 Kursk
45%
498 953 Astrachań
42%
466 331 Machaczkała
39%
489 879 Tomsk
39%
419 967 Briańsk
37%
533 872 Orenburg
37%
513 261 Riazań
37%
405 618 Twer
35%
619 468 Iżewsk
33%
325 945 Orzeł
33%
542 463 Tiumeń
31%
704 876 Togliatti
31%
502 821 Lipieck
30%
578 060 Chabarowsk
29%
230 702 Noworosyjsk
29%
347 819 Ułan Ude
29%
617 200 Uljanowsk
29%
509 997 Penza
26%
344 242 Biełgorod
25%
340 669 Włodzimierz
25%
413 068 Iwanowo
24%
358 399 Stawropol
24%
329 064 Kaługa
23%
468 459 Kirow
23%
413 208 Magnitogorsk
23%
297 077 Sarańsk
23%
314 073 Władykaukaz
23%
306 239 Czyta
21%
287 001 Wołogda
21%
284 502 Tambow
19%
604 187 Barnauł
18%
229 305 Syktywkar
18%
254 878 Brack
17%
265 072 Pietrozawodsk
17%
442 387 Czeboksary
15%
379 724 Niżny Tagił
15%
562 402 Nowokuźnieck
15%
520 138 Kemerowo
14%
271 447 Nalczyk
14%
247 736 Szachty
14%
308 490 Wołżski
14%
290 598 Surgut
13%
308 455 Czerepowiec
12%
274 495 Kostroma
12%
507 180 Nabierieżnyje Czełny
12%
247 002 Orsk
12%
329 981 Kurgan
11%
268 615 Taganrog
11%
251 416 Joszkar-Oła
10%
245 699 Angarsk
8%
252 532 Dzierżyńsk
8%
273 293 Komsomolsk nad Amurem
6%
240 834 Niżniewartowsk
5%
265 488 Sterlitamak
5%
Nie znaleziono quizów pasujących do podanych kryteriów
Rozkład punktacji
Procent ludzi z każdym wynikiem
Percentyl według liczby udzielonych odpowiedzi
Twoja historia wyników
Nie rozwiązałeś tego quizu